| 000 | 01164cab a22002055a 4500 | ||
|---|---|---|---|
| 001 | L154462 | ||
| 008 | 111211e2011 xxk 000 0 eng d | ||
| 035 | _a(Sirsi) u154462 | ||
| 041 | 0 | _aeng | |
| 100 | 1 | _aStewart, Sarah | |
| 245 | 0 | 0 |
_aMarkets _bEast of England |
| 260 | _c2011 | ||
| 490 | 0 |
_aProperty Week _v77(47) 25 November 2011, 45-50(4) |
|
| 520 | _aCar manufacturer Lotus choses Wrenbridge to develop a 56 000 sq ft visitor centre at its Hethel, Norfolk factory. Urban & Civic to submit planning application in December to develop part of the former Alconbury Airfield near Huntingdon, the largest brownfield site in southern England. Location 3 to redevelop former Danepak bacon factory in Thetford into retail space. Law firm Mills & Reeve to lease the 52 000 sq ft Botanic House in Cambridge, the first office prelet deal in Cambridge in more than 20 years. New health centre to be built in Sudbury after 35 years of disputes. | ||
| 590 | _aKA | ||
| 651 | 4 | _aEast of England | |
| 690 | _aPROPERTY-COMMERCIAL PROPERTY-COMMERCIAL PROPERTY MARKET | ||
| 690 | _aPROPERTY-COMMERCIAL PROPERTY-COMMERCIAL PROPERTY FINANCE AND INVESTMENT | ||
| 942 | _n0 | ||
| 999 |
_c83630 _d83630 |
||